| 000 | 00559nam a22001817a 4500 | ||
|---|---|---|---|
| 999 |
_c185499 _d185499 |
||
| 005 | 20220203114452.0 | ||
| 010 | _aENG-131374 | ||
| 020 |
_a9788195012633` _c280.00 |
||
| 035 | _aEN-114906 | ||
| 037 | _bDBAD | ||
| 082 | _aS | ||
| 100 | _aPotkar, Rochelle | ||
| 245 |
_aBombay Hangovers/ _cRochelle Potkar |
||
| 260 |
_aMaharashtra _bVihwakarma Publications _c2021 |
||
| 270 |
_a34A/1, Suyog Center, 7th Floor, Gultekadi Marketyard Road, Giridhar Bhavan Chowk _bPune _e411037 _minfo@vpindia.co.in |
||
| 300 |
_a214p. _c22cm(pbk) |
||
| 942 |
_2ddc _cEN _hS _mPOT |
||